Διεθνής δικαιοσύνη : θεσμοί, διαδικασίες, εφαρμογές διεθνούς δικαίου

Αποθηκεύτηκε σε:
Λεπτομέρειες βιβλιογραφικής εγγραφής
Κύριος συγγραφέας: Περράκης, Στέλιος Ε., 1948-
Άλλοι συγγραφείς: Μαρούδα, Μαρία-Ντανιέλλα
Μορφή: Βιβλίο
Γλώσσα:Greek
Δημοσίευση: Αθήνα ; Θεσσαλονίκη : Σάκκουλας, 2018.
Έκδοση:2η έκδ. αναθ.
Θέματα:
Ετικέτες: Προσθήκη ετικέτας
Δεν υπάρχουν, Καταχωρήστε ετικέτα πρώτοι!

MARC

LEADER 00000nam a2200000 a 4500
001 1/118888
008 190527s2018####gr | ||| |||| ||gre||
020 |a 9789604459940 
040 |a GR-MyUa  |b gre  |c GR-MyUa  |e AACR2 
041 0 |a gre 
082 7 |a 341.552   |2 (23) 
100 1 |a Περράκης, Στέλιος Ε.,   |d 1948- 
245 1 0 |a Διεθνής δικαιοσύνη :   |b θεσμοί, διαδικασίες, εφαρμογές διεθνούς δικαίου /   |c Στέλιος Περράκης, Μαρία-Ντανιέλλα Μαρούδα. 
250 |a 2η έκδ. αναθ.  
260 |a Αθήνα ; Θεσσαλονίκη :   |b Σάκκουλας,   |c 2018.  
300 |a xvi, 352 σ. ;   |c 24 εκ.  
504 |a Βιβλιογραφία: σ. 345-368.  
610 2 0 |a Court of Justice of the European Communities. 
650 0 |a International law. 
650 0 |a International courts. 
700 1 |a Μαρούδα, Μαρία-Ντανιέλλα. 
852 |a INST  |b RHODES  |c EUDOXUS  |e 20190527  |h 341.552 ΠΕΡ  |p 005400040813  |q 005400040813  |t EDX  |y 0 
852 |a INST  |b RHODES  |c EUDOXUS  |e 20190527  |h 341.552 ΠΕΡ  |p 005400040847  |q 005400040847  |t EDX  |y 0 
920 |a Εύδοξος   |b Παραγγελία   |y Ρόδος-ΤΜΣ  |z 2019-05 
970 |a Κόζα  |b Μαρία  |z 27/05/2019